000 00922cam a2200313 4500500
005 20260329001351.0
041 _afre
042 _adc
100 1 0 _aJullien, François
_eauthor
700 1 0 _aTruong, Nicolas
_eauthor
245 0 0 _aFrançois Jullien : “La Chine est un dépaysement de l’esprit”
260 _c2006.
500 _a99
690 _aAsie
690 _aAutoritarisme
690 _aBonheur
690 _aBouddhisme
690 _aChine
690 _aFrançois Jullien
690 _aGéopolitique
690 _aHistoire de la philosophie
690 _ahistoire des idées
690 _aImpérialisme
690 _aOrient
690 _aOrient-Occident
690 _aPékin
786 0 _nPhilosophie magazine | 4 | 10-11 | 2006-11-01 | p. 20-21 | 1951-1787
856 4 1 _uhttps://shs.cairn.info/magazine-philosophie-magazine-2006-10-11-page-20?lang=fr&redirect-ssocas=7080
999 _c1804704
_d1804704